000 00435nam a2200145Ia 4500
003 OSt
005 20260123094435.0
008 211028s2016 xx 000 0 und d
040 _cAIMIT LIBRARY
041 _aeng
100 _aAnusha, K; Dias, Beena.
_g1416018
_97441
245 _aStudy on existing HRIS and suggesting an advanced new HRIS linking all functions of HR /
260 _aMangalore
_bBeena Dias.
_c2016
942 _2ddc
_cPRO
999 _c219009
_d219009